|
|
|
|
| LEADER |
00000naa2a2200000 4500 |
| 001 |
673833 |
| 005 |
20240806153138.0 |
| 090 |
|
|
|a 673833
|
| 100 |
|
|
|a 20240729d2023 k||y0rusy50 ca
|
| 101 |
0 |
|
|a rus
|
| 102 |
|
|
|a RU
|
| 135 |
|
|
|a drcn ---uucaa
|
| 200 |
1 |
|
|a Разработка энергоэффективной автоматизированной системы кормораздачи в птичнике
|f Лю Чжихань, Сидорова А. А.
|g Национальный исследовательский Томский политехнический университет
|
| 225 |
1 |
|
|a Цифровые системы управления техническими объектами
|
| 283 |
|
|
|2 RDAcarrier
|
| 320 |
|
|
|a Список использованных источников: 2 назв.
|
| 336 |
|
|
|a Текстовый файл
|
| 463 |
|
|
|0 673775
|9 673775
|c Томск
|d 2023
|n Изд-во ТПУ
|t Интеллектуальная энергетика
|o сборник трудов I Всероссийской научно-практической конференции, Томск, 21–23 ноября 2023 г.
|u conference_tpu-2023-C136.pdf
|v С. 212-214
|p 1 файл (11 Мб, 252 с.)
|
| 610 |
1 |
|
|a труды учёных ТПУ
|
| 610 |
1 |
|
|a электронный ресурс
|
| 610 |
1 |
|
|a системы автоматизации
|
| 610 |
1 |
|
|a цыплята
|
| 610 |
1 |
|
|a кормление
|
| 700 |
|
0 |
|a Лю Чжихань
|
| 701 |
|
1 |
|a Сидорова
|b А. А.
|c специалист в области информатики и вычислительной техники
|c старший преподаватель Томского политехнического университета
|f 1986-
|g Анастасия Александровна
|9 13460
|
| 712 |
0 |
2 |
|a Национальный исследовательский Томский политехнический университет
|c (2009- )
|9 26305
|4 570
|
| 801 |
|
0 |
|a RU
|b 63413507
|c 20240729
|
| 850 |
|
|
|a 63413507
|
| 856 |
4 |
|
|u http://earchive.tpu.ru/handle/11683/80449
|z http://earchive.tpu.ru/handle/11683/80449
|
| 942 |
|
|
|c CF
|